Gilly, Seraina. Der Nationalstaat im Wandel. - Bern [u.a.] : Lang. - 2002 [Rezension]
| Titel: | Gilly, Seraina. Der Nationalstaat im Wandel. - Bern [u.a.] : Lang. - 2002 [Rezension] |
|---|---|
| Verfasser: | |
| In: |
Jahrbuch des baltischen Deutschtums, Band 51 (2003), Seite 232-234 alle Artikel anzeigen |
| Veröffentlicht: | 2003 [2004] |
| Format: | Aufsatz |
| Sprache: | Deutsch |
X
alg: 39508869
001A $01999:12-11-16
001B $01999:04-08-21 $t21:04:24.000
001D $01999:12-11-16
001U $0utf8
001X $00
002@ $0Aox
003@ $0395088690
007A $0395088690 $aHEB
007T $0Herdc0037467m
010@ $ager
011@ $a2003 $n2003 [2004]
021A $aGilly, Seraina. Der @Nationalstaat im Wandel. - Bern {[u.a.] : Lang. - 2002 [Rezension]
028A $#Garlef, Michael $#Garlefs, Mihaels $7123280079 $8Garleff, Michael$Z1940- [Tp1] $9134716108
031A $d51 $h232-234 $j2003
039B $aIn $8--Abvc--. Jahrbuch des baltischen Deutschtums. - Lüneburg : Carl-Schirren-Ges., 1927-2012. - ISSN 0075-2436 $x200300000510000768 $9047351179
039T $8--Aau--Gilly, Seraina [Tnd]. Der @Nationalstaat im Wandel. - Bern {[u.a.] : Lang, 2002. - 676 S.. - Ill., Kt.. - ISBN 3-906769-19-4 $9110525582
045F $a900.94798 $eDDC23BSB
045F/01 $a900
045F/03 $g4798
045T $a7,41 $a7,44
045T $aGER $qDE-30 $2FID
lok: 39508869 78
exp: 39508869 78 1 #EPN
201B/01 $018-11-16 $t13:42:46.000
201U/01 $0utf8
203@/01 $079138733X
208@/01 $a12-11-16 $be
209A/01 $a/ $f000 $x00
220C/01 $aTitelaufnehmer: kk
220C/01 $aHerkunft: HI Marburg
244Z/01 $2Trx $#Estija $#Igaunija $#Estland $#Estonia $#Estonia $#Estónsko $#Estonsko $8--Trx--Eesti $x01 $9391237225
244Z/01 $2Trx $#arvustused $#recenzijos $#Reviews $#recenziók $#recenzje $#recenzie $#recenze $8--Trx--Rezensionen $x02 $9391357441
247C/01 $82080>Marburg/Lahn, Herder-Institut, Forschungsbibliothek, Bibliographieportal $9336309341
| LEADER | 00000caa a22000002c 4500 | ||
|---|---|---|---|
| 001 | 395088690 | ||
| 003 | DE-603 | ||
| 005 | 20210804210424.0 | ||
| 007 | tu | ||
| 008 | 161112s2003 xx |||| | u00||u|ger c | ||
| 035 | |a (DE-599)HEB395088690 | ||
| 040 | |a DE-603 |b ger |c DE-603 |d DE-603 | ||
| 041 | |a ger | ||
| 082 | 0 | 4 | |8 1\u |a 900.94798 |q DE-101 |2 23/BSB |
| 084 | |a 7,41 |a 7,44 |2 ssgn | ||
| 084 | |a GER |q DE-30 |2 fid | ||
| 085 | |8 1\u |b 900 | ||
| 085 | |8 1\u |z 2 |s 4798 | ||
| 100 | 1 | |a Garleff, Michael |d 1940- |0 (DE-603)134716108 |0 (DE-588)123280079 |2 gnd | |
| 245 | 0 | 0 | |a Gilly, Seraina. Der Nationalstaat im Wandel. - Bern [u.a.] : Lang. - 2002 [Rezension] |
| 264 | 0 | |c 2003 [2004] | |
| 773 | 0 | 8 | |i In |t Jahrbuch des baltischen Deutschtums |d Lüneburg : Carl-Schirren-Ges., 1927-2012 |x 0075-2436 |g Band 51 (2003), Seite 232-234 |w (DE-603)047351179 |w (DE-600)217235-5 |
| 787 | 0 | 8 | |i Rezension von |a Gilly, Seraina |t Der Nationalstaat im Wandel |d Bern [u.a.] : Lang, 2002 |h 676 S., Ill., Kt. |z 3906769194 |z 9783906769196 |w (DE-603)110525582 |
| 924 | 0 | |9 2080 |a (DE-603)79138733X |b DE-2080 |c HES |d d |g / | |


